"Travels of the Jesuits, into various parts of the world" (Record no. 473147)

MARC details
000 -LEADER
fixed length control field 00498nam a2200169Ia 4500
008 - FIXED-LENGTH DATA ELEMENTS--GENERAL INFORMATION
fixed length control field 210417s9999 xx 000 0 und d
082 ## - DEWEY DECIMAL CLASSIFICATION NUMBER
Classification number 910.8 LOC
Item number 22.910.8 LOC
245 #0 - TITLE STATEMENT
Title "Travels of the Jesuits, into various parts of the world"
Statement of responsibility, etc. Travels of the Jesuits into various parts of the world
250 ## - EDITION STATEMENT
Remainder of edition statement xxii. : 487p. ; 20 cm.
260 ## - PUBLICATION, DISTRIBUTION, ETC.
Place of publication, distribution, etc. New Delhi
Name of publisher, distributor, etc. Asian Educational Services
Date of publication, distribution, etc. 1995
700 ## - ADDED ENTRY--PERSONAL NAME
Personal name "Lockman, John"
Numeration J. Lockman

No items available.

Find us on the map